000 00363nam a2200145 i 4500
001 bg
100 1 _aBATIST, R. de
245 0 _aInternal friction of structural defects in crystalline solids /
_cR. de Batist.
260 _aAmsterdam,
_c1972.
040 _cBPK
041 _apol
080 _a538.9
942 _cKS
008 s pl f |000 0 pol
999 _c26398
_d26398
856 _uhttp://koha.tu.koszalin.pl/cgi-bin/koha/opac-detail.pl?biblionumber=26398
_yKatalog online BPK